Drei Fragen zu den Rätseln der Abtreibungsdebatte
| 1. VerfasserIn: | |
|---|---|
| Medienart: | Druck Aufsatz |
| Sprache: | Deutsch |
| Veröffentlicht: |
1992
|
| In: |
Leviathan
Jahr: 1992, Band: 20, Heft: 2, Seiten: 281-290 |
| Bestand in Tübingen: | In Tübingen vorhanden. IFK: 7259 |
| Verfügbarkeit prüfen: | HBZ Gateway |
| Schlagwörter: |
MARC
| LEADER | 00000caa a22000002c 4500 | ||
|---|---|---|---|
| 001 | 1640258302 | ||
| 003 | DE-627 | ||
| 005 | 20220608131542.0 | ||
| 007 | tu | ||
| 008 | 160223s1992 xx ||||| 00| ||ger c | ||
| 035 | |a (DE-627)1640258302 | ||
| 035 | |a (DE-576)456096167 | ||
| 035 | |a (DE-599)BSZ456096167 | ||
| 040 | |a DE-627 |b ger |c DE-627 |e rakwb | ||
| 041 | |a ger | ||
| 100 | 1 | |a Amendt, Gerhard |d 1939- |0 (DE-588)107800675 |0 (DE-627)470640715 |0 (DE-576)160069114 |4 aut | |
| 109 | |a Amendt, Gerhard 1939- |a Amendt, Gerhardt 1939- |a Amendt, G. 1939- | ||
| 245 | 1 | 0 | |a Drei Fragen zu den Rätseln der Abtreibungsdebatte |c Gerhard Amendt |
| 264 | 1 | |c 1992 | |
| 336 | |a Text |b txt |2 rdacontent | ||
| 337 | |a ohne Hilfsmittel zu benutzen |b n |2 rdamedia | ||
| 338 | |a Band |b nc |2 rdacarrier | ||
| 773 | 0 | 8 | |i In |t Leviathan |d Baden-Baden : Nomos, 1973 |g 20(1992), 2, Seite 281-290 |w (DE-627)129306460 |w (DE-600)124385-8 |w (DE-576)014502976 |x 0340-0425 |7 nnas |
| 773 | 1 | 8 | |g volume:20 |g year:1992 |g number:2 |g pages:281-290 |
| 935 | |a mkri | ||
| 951 | |a AR | ||
| ELC | |b 1 | ||
| LOK | |0 000 xxxxxcx a22 zn 4500 | ||
| LOK | |0 001 3301749658 | ||
| LOK | |0 003 DE-627 | ||
| LOK | |0 004 1640258302 | ||
| LOK | |0 005 20160223101459 | ||
| LOK | |0 008 160208||||||||||||||||ger||||||| | ||
| LOK | |0 040 |a DE-21-110 |c DE-627 |d DE-21-110 | ||
| LOK | |0 689 |a s |a Fristenlösung | ||
| LOK | |0 689 |a s |a Gesetzliche Regelung | ||
| LOK | |0 689 |a s |a Abtreibung | ||
| LOK | |0 689 |a s |a Schwangerschaftsabbruch | ||
| LOK | |0 689 |a s |a Strafbarkeit | ||
| LOK | |0 852 |a DE-21-110 | ||
| LOK | |0 852 1 |c 7259 |m p |9 00 | ||
| LOK | |0 935 |a k110 | ||
| LOK | |0 938 |k p | ||
| LOK | |0 939 |a 08-02-16 |b l01 | ||
| ORI | |a SA-MARC-krimdoka001.raw | ||
| SIG | |a IFK: 7259 | ||
